How to talk so little kids will listen : a survival guide to life with children age 2-7

Bibliographic Details
Main Author: Faber, Joanna
Other Authors: King, Julie
Format: Book
Published: New York : Scribner , 2017
Subjects:

MARC

LEADER 00000cam a2200000 7i4500
001 0000211607
005 20170705.0
020 |a 9781501131653 
090 0 0 |a 306.874   |b FAB 
100 1 |a Faber, Joanna 
245 1 0 |a How to talk so little kids will listen :   |b a survival guide to life with children age 2-7   |c Joanna Faber & Julies King 
260 |a New York :   |b Scribner ,   |c 2017 
300 |a 409p. ;   |c 22cm. 
650 0 0 |a Interpersonal communication in children 
650 0 0 |a Parent and child 
650 0 0 |a Parenting 
700 1 |a King, Julie 
999 |a 00343345   |b BUKU   |c PINJAMAN   |e PERPUSTAKAAN KOMUNITI PETALING JAYA